Tutti gli Stati che hanno controllato Atene - Statistics

Statistiche generali
  • Questo quiz è stato fatto 21 volte
    11 dall'ultimo reset
  • Il punteggio medio è 25 su 31
Statistiche sulle risposte
con Immagini Hint Risposta % Corretto
1500 a.C. - 1100 a.C. Civiltà Micenea
100%
480 a.C. - 479 a.C. Impero Achemenide
100%
331 a.C. - 323 a.C. Impero Macedone (Lega di Corinto)
100%
27 a.C. - 395 Impero Romano
100%
1100 a.C. - 594 a.C. Polis di Atene
100%
338 a.C. - 331 a.C. Regno di Macedonia (Lega di Corinto)
100%
594 a.C. - 480 a.C. Repubblica di Atene
100%
479 a.C. - 338 a.C. Repubblica di Atene
100%
323 a.C. - 306 a.C. Repubblica di Atene
100%
287 a.C. - 146 a.C. Repubblica di Atene
100%
146 a.C. - 27 a.C. Repubblica Romana
100%
395 - 396 Impero Bizantino
91%
396 - 582 Impero Bizantino
91%
582 - 1204 Impero Bizantino
91%
1453 - 1822 Impero Ottomano
91%
1832 - 1924 Primo Regno di Grecia
91%
1311 - 1379 Regno di Aragona
91%
1973 - Oggi Terza Repubblica Ellenica
91%
1204 - 1311 Ducato di Atene
82%
1379 - 1396 Ducato di Atene
82%
1444 - 1456 Ducato di Atene
82%
1402 - 1444 Repubblica di Firenze
82%
1396 - 1402 Repubblica di Venezia
82%
1924 - 1935 Seconda Repubblica Ellenica
82%
1935 - 1941 Secondo Regno di Grecia
82%
1944 - 1973 Terzo Regno di Grecia
64%
1822 - 1832 Prima Repubblica Ellenica
55%
582 Tribù Slave
55%
306 a.C. - 287 a.C. Regno di Antigono
27%
396 Tribù dei Visigoti
18%
1941 - 1944 Stato Ellenico
9%
Nessun quiz corrispondente trovato
Distribuzione punteggi
Percentuale di utenti per punteggio
Percentile per numero di risposta
I tuoi punteggi nel tempo
Non hai fatto questo quiz dall'ultimo reset